000
00269nam a2200097Ia 4500
001
639926
005
20250826153437.0
008
250824s9999 xx 000 0 und d
245
0
_a
KODİN ANTİK OKUL KLASİKLERİ
_c
PANAIT ISTRATI
260
_b
ANTİK DÜNYA KLASİKLERİ
999
_c
639926
_d
639926